000 00856nam a22002777a 4500
001 BR9101987
003 BR-BrBNA
005 20230928093555.0
007 ta
008 230509b bl.||||| |||| 00| 0 por d
040 _aBR-BrBNA
_bpor
_cBiblioteca Nacional de Agricultura
041 _a(Por)
072 _aE11
090 _ E11 BR9101987
100 1 _aSantos Neto, A.P. dos
110 1 _aConselho Nacional de Desenvolvimento Cientifico e Tecnologico, Brasilia, DF (Brasil);
110 1 _aFundacao Petronio Portella, Brasilia, DF (Brasil)
_95018
245 1 _aA funcao social da terra
_bLeituras escolhidas em direito agrario
260 3 _aBrasilia, DF (Brasil):
_c1983.
300 _a13 p.
650 _aPROPRIEDADE RURAL
650 _aDIREITO AGRARIO
650 _aESTATUTO DA TERRA
909 _a202309
_bLucia
_c55
_dLucia Elande
942 _cBK
999 _c45779
_d45779